[Event "LIII Festival A"]
[Site "Imperia "]
[Date "2011.09.07"]
[Round "4"]
[White "Lacrosse, Marc"]
[Black "Morselli, Stefano"]
[Result "1-0"]
[WhiteElo "2144"]
[BlackElo "1909"]
[PlyCount "77"]
[EventDate "2011.09.09"]
[EventType "swiss"]
[EventRounds "9"]
[EventCountry "ITA"]
[SourceDate "2005.09.12"]

1. d4 Nf6 2. c4 g6 3. Nc3 Bg7 4. e4 d6 5. Be2 O-O 6. Be3 c6 7. Nf3 Ng4 8. Bg5
h6 9. Bc1 Bd7 10. h3 Nf6 11. Be3 b5 12. e5 Ne8 13. Qd2 Kh7 14. cxb5 Qa5 15. O-O
cxb5 16. Nxb5 Qxd2 17. Bxd2 Nc6 18. Bc3 Rb8 19. a4 a6 20. Na3 Nc7 21. Nc4 d5
22. Ne3 e6 23. Rfc1 Rb7 24. Nc2 Rfb8 25. b4 Bf8 26. Nfe1 Be7 27. Nd3 Kg7 28. f4
g5 29. g3 gxf4 30. gxf4 Rg8 31. Kh2 Rbb8 32. Rg1+ Kh7 33. Rxg8 Rxg8 34. Nc5 Be8
35. b5 axb5 36. axb5 Nd8 37. Ra7 Bh4 38. Rxc7 Rg3 39. Be1 1-0

[Event "LIII Festival A"]
[Site "Imperia "]
[Date "2011.09.07"]
[Round "5"]
[White "Cani, Gazmir"]
[Black "Jurek, Josef"]
[Result "0-1"]
[WhiteElo "2140"]
[BlackElo "2337"]
[PlyCount "134"]
[EventDate "2011.09.09"]
[EventType "swiss"]
[EventRounds "9"]
[EventCountry "ITA"]
[SourceDate "2005.09.12"]

1. d4 e6 2. Nf3 Nf6 3. c4 b6 4. g3 Ba6 5. b3 Bb4+ 6. Bd2 Be7 7. Bg2 c6 8. O-O
d5 9. Ne5 Nfd7 10. Nxd7 Nxd7 11. Qc2 O-O 12. Bf4 b5 13. Nd2 Bf6 14. Rac1 Bxd4
15. cxd5 cxd5 16. Bc7 Qc8 17. Qd3 Bb2 18. Rc6 Qb7 19. Qc2 Rfc8 20. e4 Nf6 21.
exd5 Nxd5 22. Ne4 Rxc7 23. Rxc7 Qxc7 24. Qxb2 Rc8 25. Qa3 Qb6 26. b4 Bb7 27.
Nc5 Bc6 28. Rc1 h6 29. Qb2 Ne7 30. Bh3 Bd5 31. a3 Nc6 32. Nd3 Rd8 33. Nf4 Bf3
34. Qc3 Nd4 35. Qe3 g5 36. Bf1 gxf4 37. Qxf4 Qd6 38. Qxh6 Qe5 39. Qh4 Qd5 40.
h3 Nb3 41. Rc3 Nd4 42. Rc5 Qd6 43. Qf6 Nf5 44. g4 Qd4 45. Re5 Ng7 46. Qh4 Qd1
47. Re1 Qd2 48. Re3 Bc6 49. Re5 Qf4 50. Re3 Rd1 51. Rd3 Rxd3 52. Bxd3 Qc1+ 53.
Bf1 Qd1 54. Qf6 a6 55. Qh4 Qd5 56. f3 Qxf3 57. Qd8+ Be8 58. Bg2 Qe3+ 59. Kh2
Qxa3 60. h4 Qxb4 61. Qg5 Qd6+ 62. Kh3 Qd3+ 63. Kh2 Qg6 64. Qf4 e5 65. Qg3 Bd7
66. Bf3 Qf6 67. Kg2 Qf4 0-1

[Event "LIII Festival A"]
[Site "Imperia "]
[Date "2011.09.07"]
[Round "5"]
[White "De Marco, Walter"]
[Black "Mela, Riccardo"]
[Result "0-1"]
[WhiteElo "1902"]
[BlackElo "2007"]
[PlyCount "56"]
[EventDate "2011.09.09"]
[EventType "swiss"]
[EventRounds "9"]
[EventCountry "ITA"]
[SourceDate "2005.09.12"]

1. g3 d5 2. f4 Nf6 3. Bg2 c6 4. Nf3 Nbd7 5. O-O e6 6. h3 Bd6 7. d3 O-O 8. c3
Nh5 9. Qe1 f5 10. e3 Nc5 11. g4 fxg4 12. hxg4 Nxf4 13. exf4 Nxd3 14. Qh4 Qb6+
15. Kh1 Nxc1 16. Nbd2 Nd3 17. Ne5 Bxe5 18. fxe5 Bd7 19. Nf3 Qe3 20. g5 Rf4 21.
Qh5 Raf8 22. Kh2 Nxe5 23. g6 Ng4+ 24. Kg3 hxg6 25. Qh3 e5 26. Qh1 e4 27. Rae1
Rxf3+ 28. Bxf3 Qf4+ 0-1

[Event "LIII Festival A"]
[Site "Imperia "]
[Date "2011.09.07"]
[Round "5"]
[White "Klaric, Zlatko"]
[Black "Mozny, Milos"]
[Result "1-0"]
[WhiteElo "2422"]
[BlackElo "2346"]
[PlyCount "79"]
[EventDate "2011.09.09"]
[EventType "swiss"]
[EventRounds "9"]
[EventCountry "ITA"]
[SourceDate "2005.09.12"]

1. e4 c5 2. Nc3 e6 3. f4 d6 4. Nf3 Nc6 5. Bb5 Bd7 6. O-O Nge7 7. d3 a6 8. Bxc6
Nxc6 9. f5 Be7 10. fxe6 Bxe6 11. Nd5 O-O 12. Nxe7+ Qxe7 13. Qe1 Ne5 14. Nh4 Qd7
15. Qg3 f6 16. Be3 b6 17. Rad1 Bg4 18. Rde1 Kh8 19. b3 a5 20. a4 Nc6 21. c4
Rae8 22. h3 Be6 23. Rd1 Ne5 24. d4 cxd4 25. Rxd4 Qc6 26. Rfd1 Nf7 27. Nf3 Bc8
28. Bf4 Rxe4 29. Rxe4 Qxe4 30. Re1 Qc6 31. Re7 d5 32. Nd4 Qc5 33. Qe3 dxc4 34.
Rc7 Qd5 35. bxc4 Qd8 36. Nc6 Qd1+ 37. Kh2 g5 38. Qe7 Kg7 39. Bxg5 Qf1 40. Bh6+
1-0

[Event "LIII Festival A"]
[Site "Imperia "]
[Date "2011.09.07"]
[Round "5"]
[White "La Manna, Andrea"]
[Black "De Barberis, Massimo"]
[Result "1-0"]
[WhiteElo "2189"]
[BlackElo "2093"]
[PlyCount "69"]
[EventDate "2011.09.09"]
[EventType "swiss"]
[EventRounds "9"]
[EventCountry "ITA"]
[SourceDate "2005.09.12"]

1. d4 Nf6 2. c4 e6 3. Nc3 c5 4. d5 exd5 5. cxd5 d6 6. e4 g6 7. Bd3 Bg7 8. Nge2
O-O 9. O-O a6 10. a4 Re8 11. Ng3 Nbd7 12. f4 Qc7 13. e5 dxe5 14. f5 Rb8 15.
Nge4 c4 16. Bc2 b5 17. axb5 axb5 18. Bg5 b4 19. Nxf6+ Nxf6 20. fxg6 fxg6 21.
Ne4 Nxe4 22. Bxe4 Qd6 23. Qe2 Bd7 24. Ra7 Rf8 25. Rxf8+ Rxf8 26. Be3 Rc8 27. h4
Bf5 28. Qf2 Qf8 29. Bxf5 gxf5 30. d6 Qxd6 31. Qxf5 Rf8 32. Qg4 Qf6 33. Qxc4+
Kh8 34. Qxb4 e4 35. Qxe4 1-0

[Event "LIII Festival A"]
[Site "Imperia "]
[Date "2011.09.07"]
[Round "5"]
[White "Morselli, Stefano"]
[Black "Neubauer, Kai"]
[Result "1/2-1/2"]
[WhiteElo "1909"]
[BlackElo "2036"]
[PlyCount "172"]
[EventDate "2011.09.09"]
[EventType "swiss"]
[EventRounds "9"]
[EventCountry "ITA"]
[SourceDate "2005.09.12"]

1. Nf3 d5 2. g3 Nf6 3. Bg2 Nbd7 4. d3 e5 5. O-O Bc5 6. Nbd2 O-O 7. c3 Bb6 8. b4
Re8 9. Qb3 a5 10. a4 Qe7 11. Ba3 Qe6 12. Rac1 c6 13. c4 axb4 14. Bxb4 e4 15.
dxe4 dxc4 16. Rxc4 Bc7 17. Ng5 Qg4 18. Nxf7 Nb6 19. Rxc6 Be6 20. Rxe6 Qxe6 21.
Qxe6 Rxe6 22. Ng5 Ree8 23. a5 Nbd7 24. Nc4 h6 25. Nf3 Rxe4 26. Nfd2 Rxe2 27.
Bxb7 Rb8 28. a6 Nb6 29. Ra1 Na8 30. Bf3 Re6 31. Bc3 Kh7 32. Bb7 Nd7 33. Bd5
Ree8 34. Bc6 Red8 35. a7 Rbc8 36. Bb7 Ndb6 37. Bxc8 Nxc8 38. Nf3 Rd3 39. Be5
Rxf3 40. Bxc7 Rc3 41. Nb6 Naxb6 42. Bxb6 Nxb6 43. a8=Q Nxa8 44. Rxa8 Rc2 45.
Kg2 Rc3 46. Rf8 Rc2 47. g4 g5 48. Rf5 Kg6 49. Kg3 h5 50. h3 h4+ 51. Kg2 Rc3 52.
Rf3 Rc1 53. Re3 Rc4 54. Kf3 Rf4+ 55. Ke2 Rd4 56. Re5 Ra4 57. Kf3 Rf4+ 58. Ke3
Ra4 59. Ke2 Ra2+ 60. Kf3 Ra4 61. Re6+ Kg7 62. Rb6 Rf4+ 63. Ke3 Ra4 64. Rd6 Ra3+
65. Rd3 Ra4 66. f3 Kf6 67. Rd4 Ra3+ 68. Ke4 Rb3 69. Rc4 Ra3 70. Rc6+ Kf7 71.
Rd6 Rb3 72. Rd3 Rb4+ 73. Rd4 Rb3 74. Rd5 Kf6 75. Rd6+ Kg7 76. Rd3 Rb4+ 77. Ke5
Rf4 78. Re3 Kg6 79. Kd6 Rd4+ 80. Ke7 Rf4 81. Rd3 Rf7+ 82. Ke8 Rf6 83. Re3 Rf4
84. Re6+ Kg7 85. Re3 Rf8+ 86. Kd7 Rf4 1/2-1/2

[Event "LIII Festival A"]
[Site "Imperia "]
[Date "2011.09.07"]
[Round "5"]
[White "Petrone, Gianmario"]
[Black "Ribbegren, Karl Johan"]
[Result "0-1"]
[WhiteElo "1909"]
[BlackElo "2167"]
[PlyCount "90"]
[EventDate "2011.09.09"]
[EventType "swiss"]
[EventRounds "9"]
[EventCountry "ITA"]
[SourceDate "2005.09.12"]

1. e4 g6 2. d4 d6 3. Nc3 c6 4. f4 d5 5. e5 h5 6. Nf3 Nh6 7. Be3 Bf5 8. Bd3 e6
9. Ne2 Nd7 10. Ng3 Bxd3 11. Qxd3 Be7 12. Bd2 Qb6 13. Rb1 c5 14. c3 Rc8 15. O-O
Kf8 16. b3 cxd4 17. cxd4 Kg7 18. Rfc1 a5 19. Rxc8 Rxc8 20. Rc1 Rc6 21. Rxc6
bxc6 22. Qc3 Bb4 23. Qc2 c5 24. Bxb4 Qxb4 25. Qb2 h4 26. Ne2 Nf5 27. Qc3 Qa3
28. Qd2 a4 29. bxa4 Qxa4 30. g4 hxg3 31. Nxg3 Nxd4 32. Nxd4 cxd4 33. Ne2 d3 34.
Qxd3 Qxa2 35. Nd4 Nc5 36. Qe3 Ne4 37. Ne2 Qc2 38. Ng3 Nc3 39. Kf1 Qd1+ 40. Qe1
Qd3+ 41. Kg1 d4 42. Nf1 Qf3 43. Ng3 Qxf4 44. Qf2 Qxe5 45. Kf1 d3 0-1

[Event "LIII Festival A"]
[Site "Imperia "]
[Date "2011.09.07"]
[Round "5"]
[White "Poloch, Petr"]
[Black "Arnaudov, Petar G"]
[Result "0-1"]
[WhiteElo "2276"]
[BlackElo "2484"]
[PlyCount "60"]
[EventDate "2011.09.09"]
[EventType "swiss"]
[EventRounds "9"]
[EventCountry "ITA"]
[SourceDate "2005.09.12"]

1. e4 e5 2. Nf3 Nc6 3. Bb5 Nge7 4. O-O g6 5. c3 Bg7 6. d3 O-O 7. Nbd2 a6 8. Ba4
b5 9. Bb3 d5 10. a4 Rb8 11. axb5 axb5 12. exd5 Nxd5 13. Ne4 Kh8 14. d4 exd4 15.
Nxd4 Nxd4 16. cxd4 Bb7 17. Nc5 Bc6 18. Re1 Nb6 19. Bf4 Qxd4 20. Qxd4 Bxd4 21.
Na6 Rb7 22. Bxc7 Bxb2 23. Ra2 Bf6 24. Rc2 Bd5 25. Bxb6 Bxb3 26. Rc6 Re7 27. Rf1
Re6 28. Rxe6 Bxe6 29. Nc5 Bc4 30. Rd1 Re8 0-1

[Event "LIII Festival A"]
[Site "Imperia "]
[Date "2011.09.08"]
[Round "6"]
[White "Kukov, Velislav"]
[Black "Zach, Andreas"]
[Result "1/2-1/2"]
[WhiteElo "2425"]
[BlackElo "2344"]
[PlyCount "55"]
[EventDate "2011.09.09"]
[EventType "swiss"]
[EventRounds "9"]
[EventCountry "ITA"]
[SourceDate "2005.09.12"]

1. Nf3 d5 2. d4 c6 3. c4 Nf6 4. Nc3 Qb6 5. cxd5 cxd5 6. Na4 Qd8 7. Nc3 Qb6 8.
Na4 Qd8 9. Bf4 Nc6 10. Nc3 Qb6 11. Na4 Qa5+ 12. Bd2 Qd8 13. a3 Ne4 14. Rc1 e6
15. b4 Bd6 16. e3 a5 17. Nc5 Nxd2 18. Qxd2 axb4 19. axb4 O-O 20. Be2 b6 21. Nd3
Bd7 22. O-O f6 23. Rb1 Qe7 24. Qb2 Ra4 25. Bd1 Ra7 26. Nfe1 Rfa8 27. Nc2 Be8
28. Be2 1/2-1/2

[Event "LIII Festival A"]
[Site "Imperia "]
[Date "2011.09.08"]
[Round "6"]
[White "Maiorov, Nikita"]
[Black "La Manna, Andrea"]
[Result "1-0"]
[WhiteElo "2558"]
[BlackElo "2189"]
[PlyCount "173"]
[EventDate "2011.09.09"]
[EventType "swiss"]
[EventRounds "9"]
[EventCountry "ITA"]
[SourceDate "2005.09.12"]

1. d4 f5 2. c4 Nf6 3. Nc3 d6 4. g3 g6 5. Nf3 Bg7 6. Bg2 O-O 7. O-O Qe8 8. d5 a5
9. Ne1 e5 10. dxe6 c6 11. Qxd6 Bxe6 12. Nd3 Bxc4 13. Nc5 Rf7 14. b3 Nd5 15.
Nxd5 Be5 16. Qe6 Qxe6 17. Nxe6 Bxd5 18. Bxd5 Bxa1 19. Nc7 cxd5 20. Nxa8 Bg7 21.
Nb6 d4 22. Bd2 Nc6 23. Rc1 Bf8 24. Nc4 Bb4 25. Bxb4 Nxb4 26. Nxa5 Nxa2 27. Rc8+
Kg7 28. Rb8 Nc1 29. Kf1 Re7 30. Rxb7 Rxb7 31. Nxb7 Nxb3 32. Ke1 Kf6 33. Kd1 d3
34. exd3 Nd4 35. Nc5 g5 36. h3 Nf3 37. Nd7+ Ke7 38. Nb6 Ke6 39. Nc4 Ng1 40. h4
gxh4 41. gxh4 Nf3 42. h5 Nd4 43. Kd2 f4 44. Kc3 Nf5 45. Nd2 h6 46. Nf3 Ng7 47.
Kd4 Kf5 48. Kd5 Nxh5 49. Nd4+ Kg4 50. Ke5 f3 51. Nc2 Nf4 52. Ne3+ Kg5 53. Ke4
h5 54. d4 Ne2 55. d5 Kf6 56. Kxf3 Nc3 57. Kf4 Ne2+ 58. Ke4 h4 59. Kf3 Nd4+ 60.
Kg4 Ke5 61. Kxh4 Kf4 62. Kh5 Kf3 63. Ng4 Ke4 64. Ne3 Kf3 65. d6 Kxf2 66. Nc2
Nc6 67. d7 Nd8 68. Kg6 Ke2 69. Kf6 Kd3 70. Ke7 Nb7 71. Nb4+ Kc4 72. Nc6 Kb5 73.
Nd4+ Kc5 74. Ne6+ Kb6 75. Ng7 Kc5 76. Ne8 Na5 77. Kd8 Kc6 78. Ke7 Kc5 79. Ng7
Nb7 80. Nf5 Na5 81. Kd8 Kc6 82. Kc8 Nb7 83. Nd4+ Kd6 84. Nf3 Ke7 85. Kc7 Nd8
86. Ng5 Nb7 87. Nf7 1-0

[Event "LIII Festival A"]
[Site "Imperia "]
[Date "2011.09.08"]
[Round "6"]
[White "Morselli, Stefano"]
[Black "Maniero, Andrea"]
[Result "0-1"]
[WhiteElo "1909"]
[BlackElo "2043"]
[PlyCount "86"]
[EventDate "2011.09.09"]
[EventType "swiss"]
[EventRounds "9"]
[EventCountry "ITA"]
[SourceDate "2005.09.12"]

1. Nf3 c5 2. g3 b6 3. Bg2 Bb7 4. O-O e6 5. d3 g6 6. e4 Bg7 7. Nbd2 d6 8. a4 Ne7
9. Re1 Nbc6 10. Nc4 Qc7 11. Bf4 Rd8 12. e5 dxe5 13. Nfxe5 Nxe5 14. Nxe5 Bxg2
15. Kxg2 Qc8 16. Qd2 Qb7+ 17. Kg1 O-O 18. Bh6 Nf5 19. Bxg7 Kxg7 20. Ng4 h5 21.
Ne5 f6 22. Nxg6 Kxg6 23. Re4 Nd4 24. Qd1 f5 25. Re3 Qd5 26. f4 Rg8 27. c3 Nc6
28. Qe1 Kf7 29. Qe2 Rh8 30. Re1 Rde8 31. h4 a5 32. Kf2 Kf6 33. d4 cxd4 34. cxd4
Nxd4 35. Qd3 Re7 36. Qc3 Rd8 37. Rd1 Qc5 38. Red3 Red7 39. Ke3 Qxc3 40. bxc3
Nc2+ 41. Ke2 Rxd3 42. Rxd3 Rxd3 43. Kxd3 Na3 0-1

[Event "LIII Festival A"]
[Site "Imperia "]
[Date "2011.09.08"]
[Round "6"]
[White "Mozny, Milos"]
[Black "Jirovsky, Milos"]
[Result "0-1"]
[WhiteElo "2346"]
[BlackElo "2466"]
[PlyCount "68"]
[EventDate "2011.09.09"]
[EventType "swiss"]
[EventRounds "9"]
[EventCountry "ITA"]
[SourceDate "2005.09.12"]

1. d4 d5 2. Nf3 c6 3. c4 e6 4. cxd5 exd5 5. Nc3 Bf5 6. Bf4 Nf6 7. e3 Bd6 8.
Bxd6 Qxd6 9. Bd3 Bg6 10. Ne5 Nbd7 11. Nxg6 hxg6 12. h3 g5 13. Qe2 g4 14. Bf5
gxh3 15. Rxh3 Rxh3 16. Bxh3 Nb6 17. g3 Kf8 18. Kf1 g6 19. Kg2 Kg7 20. b3 a5 21.
Rb1 Re8 22. Qf3 Qb4 23. Rc1 a4 24. g4 axb3 25. axb3 Qxb3 26. g5 Nh7 27. Qf4 Nc4
28. Rb1 Qxc3 29. Rxb7 Nxe3+ 30. Kh2 Nxg5 31. Qxg5 Qd2 32. Qg3 Nd1 33. Kg1 Nc3
34. Qf3 Ne2+ 0-1

[Event "LIII Festival A"]
[Site "Imperia "]
[Date "2011.09.09"]
[Round "7"]
[White "Jose' Polanco, Kenia"]
[Black "Morselli, Stefano"]
[Result "1-0"]
[WhiteElo "1963"]
[BlackElo "1909"]
[PlyCount "99"]
[EventDate "2011.09.09"]
[EventType "swiss"]
[EventRounds "9"]
[EventCountry "ITA"]
[SourceDate "2005.09.12"]

1. c4 Nf6 2. Nc3 g6 3. g3 Bg7 4. Bg2 O-O 5. Rb1 c6 6. Nf3 d5 7. cxd5 cxd5 8. d3
Nc6 9. e3 e5 10. O-O Bf5 11. Nh4 Be6 12. b3 Qd7 13. Ba3 Rfd8 14. Na4 b6 15. Rc1
Rac8 16. Nf3 Bg4 17. Qd2 e4 18. Nd4 Ne5 19. dxe4 dxe4 20. Rxc8 Rxc8 21. Rc1 Bf3
22. Rxc8+ Qxc8 23. Bd6 Bxg2 24. Kxg2 Nd3 25. Qc3 Qd7 26. Qc7 Qxc7 27. Bxc7 Nd5
28. Bb8 a6 29. Ba7 b5 30. Nc5 Nxc5 31. Bxc5 Be5 32. Nc6 Bc7 33. Nb4 Nxb4 34.
Bxb4 f5 35. f3 exf3+ 36. Kxf3 Kf7 37. h3 Ke6 38. g4 fxg4+ 39. hxg4 Kd5 40. Bf8
Bd8 41. Bg7 h5 42. gxh5 gxh5 43. Bb2 Bc7 44. Bd4 Be5 45. Bb6 h4 46. Kg4 Bg3 47.
Kf3 Bd6 48. Kg4 Bc5 49. Bxc5 Kxc5 50. Kxh4 1-0

[Event "LIII Festival A"]
[Site "Imperia "]
[Date "2011.09.10"]
[Round "8"]
[White "Tomassoni, Leonardo"]
[Black "Morselli, Stefano"]
[Result "0-1"]
[WhiteElo "1932"]
[BlackElo "1909"]
[PlyCount "60"]
[EventDate "2011.09.09"]
[EventType "swiss"]
[EventRounds "9"]
[EventCountry "ITA"]
[SourceDate "2005.09.12"]

1. e4 g6 2. d4 Bg7 3. f4 d6 4. Nf3 Nf6 5. Nc3 c5 6. Bb5+ Bd7 7. Bd3 cxd4 8.
Nxd4 Qb6 9. Nb3 Nc6 10. h3 Rc8 11. a3 Nd4 12. Nxd4 Qxd4 13. Qf3 Qb6 14. Be3
Qxb2 15. O-O Qxc3 16. Bxa7 O-O 17. Qe3 Bc6 18. Bd4 Qa5 19. Rfb1 Nd5 20. Qf2
Nxf4 21. Bxg7 Qg5 22. Kh2 Kxg7 23. Qd2 Qe5 24. g3 Nh5 25. Qe3 f5 26. Re1 f4 27.
gxf4 Rxf4 28. Kh1 Bxe4+ 29. Bxe4 Rxe4 30. Qg1 Rxc2 0-1

[Event "LIII Festival A"]
[Site "Imperia "]
[Date "2011.09.11"]
[Round "9"]
[White "Morselli, Stefano"]
[Black "De Marco, Walter"]
[Result "1-0"]
[WhiteElo "1909"]
[BlackElo "1902"]
[PlyCount "133"]
[EventDate "2011.09.09"]
[EventType "swiss"]
[EventRounds "9"]
[EventCountry "ITA"]
[SourceDate "2005.09.12"]

1. Nf3 e6 2. g3 d5 3. Bg2 c5 4. d3 Nc6 5. O-O Bd6 6. Nbd2 Nge7 7. e4 Qc7 8. Re1
O-O 9. c3 Bd7 10. Qe2 f6 11. d4 cxd4 12. cxd4 Ng6 13. h4 Rac8 14. a3 Be8 15. b4
Qf7 16. Bh3 Bd7 17. h5 Nh8 18. Bb2 Qxh5 19. Kg2 Qf7 20. Rh1 e5 21. dxe5 Bxh3+
22. Rxh3 Nxe5 23. Rah1 h6 24. Nd4 Nhg6 25. Nf5 Qd7 26. Rxh6 Kf7 27. Rh7 Rg8 28.
Nh6+ Ke6 29. exd5+ Kxd5 30. Qe4+ Ke6 31. Qf5+ Ke7 32. Nxg8+ Rxg8 33. Qxd7+ Kxd7
34. Ne4 Be7 35. f4 Ng4 36. Kf3 f5 37. Nf2 Bf6 38. Bxf6 Nxf6 39. Rd1+ Kc6 40.
Rhh1 Kb5 41. Rc1 b6 42. Rhd1 Ne7 43. Rc7 Ned5 44. Rxa7 Re8 45. Nd3 Re3+ 46. Kg2
Nh5 47. a4+ Kc4 48. Ne5+ Rxe5 49. fxe5 Ne3+ 50. Kf3 Nxd1 51. g4 fxg4+ 52. Kxg4
Nf6+ 53. exf6 gxf6 54. a5 bxa5 55. bxa5 Kb5 56. a6 Ne3+ 57. Kh3 Kb6 58. Re7 Nd5
59. a7 Nxe7 60. a8=Q Kc7 61. Kg3 Kd6 62. Kf4 Ke6 63. Qe8 Kd6 64. Qf7 f5 65.
Qf6+ Kd7 66. Ke5 f4 67. Qd6+ 1-0

[Event "II Open"]
[Site "Condino "]
[Date "1991.07.??"]
[Round "1"]
[White "Ilic, Zoran S"]
[Black "Mileto, Gabriele"]
[Result "1/2-1/2"]
[WhiteElo "2395"]
[BlackElo "2255"]
[PlyCount "50"]
[EventDate "1991.07.29"]
[EventCountry "ITA"]
[SourceDate "2005.09.12"]

1. d4 d5 2. c4 e6 3. Nc3 c5 4. cxd5 exd5 5. Nf3 Nc6 6. g3 Nf6 7. Bg2 Be7 8. O-O
O-O 9. b3 Ne4 10. Bb2 Bf6 11. Na4 b6 12. dxc5 Bxb2 13. Nxb2 bxc5 14. Na4 Ba6
15. Rc1 Re8 16. Re1 c4 17. Nd4 Qf6 18. Nxc6 Qxf2+ 19. Kh1 Re6 20. Bxe4 Rh6 21.
Bg2 Qxg3 22. h3 Rxh3+ 23. Bxh3 Qxh3+ 24. Kg1 Qg3+ 25. Kf1 Qf4+ 1/2-1/2

[Event "II Open"]
[Site "Condino "]
[Date "1991.07.??"]
[Round "2"]
[White "Mileto, Gabriele"]
[Black "Tocchioni, Doriano"]
[Result "1-0"]
[WhiteElo "2255"]
[BlackElo "2290"]
[PlyCount "77"]
[EventDate "1991.07.29"]
[EventCountry "ITA"]
[SourceDate "2005.09.12"]

1. d4 Nf6 2. c4 g6 3. Nc3 d5 4. cxd5 Nxd5 5. e4 Nxc3 6. bxc3 Bg7 7. Nf3 O-O 8.
Be2 c5 9. Rb1 Nc6 10. d5 Ne5 11. Nxe5 Bxe5 12. Qd2 e6 13. f4 Bg7 14. c4 exd5
15. cxd5 Re8 16. e5 Bh6 17. Bb2 Qh4+ 18. g3 Qh3 19. Bf3 Bf5 20. Rd1 c4 21. Qd4
Bg7 22. d6 g5 23. Bxb7 Rab8 24. d7 Red8 25. Bc6 gxf4 26. Kf2 Rb6 27. Ba4 Qh6
28. Bc3 fxg3+ 29. hxg3 Qe6 30. Rd2 Ra6 31. Qh4 f6 32. Bb5 Qb6+ 33. Bd4 Qxb5 34.
exf6 Bxf6 35. Bxf6 Rxf6 36. Qxf6 Qb6+ 37. Qxb6 axb6 38. Rc1 b5 39. Rd5 1-0

[Event "XVIII Festival Magistrale"]
[Site "Madonna di Campiglio - Pinzol"]
[Date "1992.12.??"]
[Round "?"]
[White "Lanzani, Mario"]
[Black "Trevisani, Bruno"]
[Result "0-1"]
[WhiteElo "2330"]
[BlackElo "2315"]
[PlyCount "108"]
[EventDate "1992.07.12"]
[EventType "swiss"]
[EventRounds "2"]
[EventCountry "ITA"]
[SourceDate "2005.09.12"]

1. e4 g6 2. d4 Bg7 3. Nc3 d6 4. f4 Nc6 5. Be3 Nf6 6. Nf3 O-O 7. e5 dxe5 8. dxe5
Ng4 9. Bg1 f6 10. Bc4+ Kh8 11. Qe2 fxe5 12. Rd1 Nd4 13. Ng5 Nh6 14. Qd3 Rxf4
15. Be3 Rf8 16. Nce4 Bg4 17. Rd2 Qe8 18. c3 Nc6 19. h3 Rd8 20. Qc2 Bc8 21. g4
e6 22. Bc5 Rf4 23. Be3 Rf8 24. Bc5 Rg8 25. Rf2 b6 26. Ba3 Na5 27. Be2 Bb7 28.
O-O Nf5 29. gxf5 gxf5 30. Ng3 Bh6 31. Bh5 Rg6 32. h4 c5 33. Nxf5 Bxg5 34. Bxg6
Qxg6 35. Nd6 Qxc2 36. Nf7+ Kg7 37. Rxc2 Be3+ 38. Kh2 Rf8 39. Re2 Bf4+ 40. Rxf4
exf4 41. Ng5 Rf6 42. Nxe6+ Kg6 43. Ng5 h6 44. Nh3 Kh5 45. b3 Kxh4 46. Bc1 f3
47. Rb2 Nc6 48. Be3 Re6 49. Bf2+ Kg4 50. Rd2 Ne5 51. Bg3 Kf5 52. Nf2 Ng4+ 53.
Kh3 Nxf2+ 54. Bxf2 Kf4 0-1

[Event "XVIII Festival Magistrale"]
[Site "Madonna di Campiglio - Pinzol"]
[Date "1992.12.??"]
[Round "?"]
[White "Mitkov, Nikola"]
[Black "Trevisani, Bruno"]
[Result "1-0"]
[WhiteElo "2475"]
[BlackElo "2315"]
[PlyCount "53"]
[EventDate "1992.07.12"]
[EventType "swiss"]
[EventRounds "2"]
[EventCountry "ITA"]
[SourceDate "2005.09.12"]

1. e4 g6 2. d4 Bg7 3. Nc3 d6 4. Be3 c6 5. h3 b5 6. a3 a6 7. f4 Nd7 8. Be2 Bb7
9. Bf3 e5 10. Nge2 Ngf6 11. O-O O-O 12. dxe5 dxe5 13. f5 gxf5 14. exf5 e4 15.
Bxe4 Nxe4 16. Nxe4 Re8 17. N2g3 Nf6 18. Nxf6+ Bxf6 19. Qg4+ Kh8 20. Rad1 Rxe3
21. Rxd8+ Rxd8 22. Ne4 Bd4 23. Kh1 f6 24. Rd1 c5 25. Nxc5 Rg8 26. Qxg8+ Kxg8
27. Rxd4 1-0

[Event "XVI Festival"]
[Site "Arco"]
[Date "1992.09.??"]
[Round "?"]
[White "Fabiano, Giuseppe"]
[Black "Grichkevitch, Gilles"]
[Result "1-0"]
[WhiteElo "2235"]
[BlackElo "2280"]
[PlyCount "47"]
[EventDate "1992.09.26"]
[EventCountry "ITA"]
[SourceDate "2005.09.12"]

1. e4 c5 2. Nf3 e6 3. d3 d5 4. Nbd2 Nc6 5. g3 Nf6 6. Bg2 Bd6 7. O-O O-O 8. Re1
Bc7 9. c3 b5 10. Qe2 b4 11. Nf1 a5 12. e5 Nd7 13. Bf4 Ba6 14. c4 Nb6 15. b3 h6
16. h4 Qe7 17. N1h2 Rfd8 18. h5 Rd7 19. Ng4 Rad8 20. Qe3 Nd4 21. Nxd4 cxd4 22.
Qd2 f5 23. exf6 gxf6 24. c5 1-0

[Event "XVI Festival"]
[Site "Arco"]
[Date "1992.09.??"]
[Round "?"]
[White "Pieri, Filippo"]
[Black "Dizdarevic, Emir"]
[Result "0-1"]
[WhiteElo "2235"]
[BlackElo "2480"]
[PlyCount "84"]
[EventDate "1992.09.26"]
[EventCountry "ITA"]
[SourceDate "2005.09.12"]

1. e4 Nc6 2. d4 d5 3. Nc3 dxe4 4. d5 Nb8 5. Bc4 Nf6 6. Bg5 a6 7. Bxf6 exf6 8.
Nxe4 f5 9. Nc3 Bd6 10. Qe2+ Kf8 11. Nf3 g6 12. O-O-O Kg7 13. h4 h5 14. Rhe1 Nd7
15. Qd2 Qf6 16. Qd4 Qxd4 17. Rxd4 Nf6 18. Ng5 Bd7 19. g3 Rae8 20. Rxe8 Rxe8 21.
Kd1 Ng4 22. Rd2 Bxg3 23. fxg3 Ne3+ 24. Kc1 Nxc4 25. Re2 Rxe2 26. Nxe2 Ne3 27.
Nf4 Nf1 28. Nf3 Nxg3 29. Ne5 Be8 30. c4 Kf6 31. Ned3 g5 32. hxg5+ Kxg5 33. Kd2
c6 34. Ke3 cxd5 35. cxd5 Ne4 36. Ne5 f6 37. Ne6+ Kh4 38. Nc4 Kg4 39. Kd4 h4 40.
Ne3+ Kf3 41. Nxf5 h3 42. Nh4+ Kg4 0-1

[Event "Festival A"]
[Site "Pizzo Barcellona di Gotto ITA"]
[Date "1993.07.??"]
[Round "1"]
[White "Gueci, Riccardo"]
[Black "Braga, Fernando Alberto"]
[Result "0-1"]
[WhiteElo "2235"]
[BlackElo "2455"]
[PlyCount "98"]
[EventDate "1993.07.23"]
[EventCountry "ITA"]
[SourceDate "2005.09.12"]

1. e4 c5 2. Nf3 e6 3. d4 cxd4 4. c3 dxc3 5. Nxc3 Nc6 6. Bc4 Bb4 7. O-O Nge7 8.
Qe2 Bxc3 9. bxc3 Qa5 10. Bb2 O-O 11. Rfd1 Ng6 12. Bb3 f5 13. Nd2 Nf4 14. Qe3
fxe4 15. Nxe4 d5 16. Nd6 Qd8 17. Ne4 Ne5 18. Ba3 Ng4 19. Qf3 Qh4 20. h3 Ne5 21.
Qe3 Nxg2 22. Qg3 Rf5 23. Qxh4 Nxh4 24. Ng3 Rf6 25. Be7 Nhf3+ 26. Kg2 Rf7 27.
Bd6 Bd7 28. Ne2 Rc8 29. Rac1 Nh4+ 30. Kf1 Nc4 31. Bxc4 Rxc4 32. Nd4 Nf5 33.
Nxf5 Rxf5 34. Rd4 Rc6 35. Bb8 Ra6 36. Rc2 Bb5+ 37. Ke1 Bc4 38. Rb2 e5 39. Rg4
b6 40. h4 Bxa2 41. Re2 Bc4 42. Rxe5 Ra1+ 43. Kd2 Ra2+ 44. Ke3 Re2+ 45. Kd4 Rd2+
46. Ke3 Rd3+ 47. Ke2 Rxe5+ 48. Bxe5 Rd4+ 49. Kf3 Be2+ 0-1

[Event "Festival A"]
[Site "Pizzo Barcellona di Gotto ITA"]
[Date "1993.07.??"]
[Round "1"]
[White "Ortega, Lexy"]
[Black "Napoli Costa, Aurelio"]
[Result "1-0"]
[WhiteElo "2450"]
[BlackElo "2052"]
[PlyCount "35"]
[EventDate "1993.07.23"]
[EventCountry "ITA"]
[SourceDate "2005.09.12"]

1. d4 d5 2. c4 Bf5 3. Nc3 e6 4. Nf3 Nf6 5. Qb3 Nc6 6. Bg5 Nb4 7. Rc1 c6 8. cxd5
cxd5 9. a3 Nc6 10. Qxb7 Na5 11. Qb5+ Ke7 12. Ne5 h6 13. Qb4+ Ke8 14. Qa4+ Ke7
15. Nb5 Rc8 16. Rxc8 Qxc8 17. Bd2 Nc6 18. Nxa7 1-0